[Event "EU-ch (Women) 17th"]
[Site "Mamaia"]
[Date "2016.06.05"]
[Round "9"]
[White "Paehtz, Elisabeth"]
[Black "Gaponenko, Inna"]
[Result "1-0"]
[WhiteElo "2489"]
[BlackElo "2415"]
[Annotator "Besenthal,K"]
[PlyCount "65"]
[EventDate "2016.05.27"]
[EventType "swiss"]
[EventRounds "11"]
[EventCountry "ROU"]
[SourceTitle "CBM 172 Extra"]
[Source "ChessBase"]
[SourceDate "2016.06.21"]
[SourceVersion "1"]
[SourceVersionDate "2016.06.21"]
[SourceQuality "1"]

1. e4 c5 2. Nf3 d6 3. d4 cxd4 4. Nxd4 Nf6 5. Nc3 g6 6. Be3 Bg7 7. f3 Nc6 8. Qd2
O-O 9. Bc4 Bd7 10. h4 Rc8 11. Bb3 Ne5 12. h5 {Diagramm [#]} Nxh5 13. O-O-O Nc4
(13... Ng3 {war ein Option, die Schwarz nicht hätte auslassen sollen.}) 14.
Bxc4 Rxc4 15. g4 Nf6 16. Nde2 Qa5 (16... Re8 $1) 17. Bh6 Rfc8 18. Bxg7 Kxg7 19.
Qh6+ Kg8 20. Rd5 ({Diesen berühmten Vorläufer dürfte Pähtz gekannt haben,
auch wenn sie hier einen anderen Zug wählte (der noch stärker als Karpovs
Zug sein dürfte):} 20. Rd3 R4c5 21. g5 Rxg5 22. Rd5 Rxd5 23. Nxd5 Re8 24. Nef4
Bc6 25. e5 Bxd5 26. exf6 exf6 27. Qxh7+ Kf8 28. Qh8+ {1-0 (27) Karpov,A (2700)
-Kortschnoj,V (2670) Moscow 1974}) 20... Qc7 {Diagramm [#] Weiß verfügt
über eine starke Initiative, durch die der geopferte Bauer mehr als nur
kompensiert wird.} 21. Rd3 Qa5 $2 (21... Qd8 $1 {Für Schwarz wäre es an der
Zeit gewesen, in den Verteidigungsmodus zu wechseln - psychologisch extrem
schwierig.}) 22. Kb1 Be6 23. a3 $1 {Notwendig - psychologisch gesehen hat der
Zug den hübschen Nebeneffekt, die Schwarze, die sich immer noch in der
Vorwärtsbewegung wähnt, auch noch zu b7-b5 einzuladen.} Qc5 $2 {Das ist ganz
schlecht, weil es den Druck auf c3 vermindert, auch wenn es optisch nicht so
aussieht.} 24. Ng3 $1 Qf2 25. Nge2 $2 {Eine kleine Ungenauigkeit, die
letztlich keinen Schaden anrichtet.} (25. g5 Qxg3 26. gxf6 exf6 27. f4 $18)
25... b5 $2 ({Nach} 25... Rxc3 $1 26. Nxc3 a5 {wäre die Qualität weg gewesen,
aber Schwarz hätte dafür einen Bauern gehabt, während Weiß den Einschlag
auf h7 vorerst nicht mehr hinbekommen hätte.}) 26. g5 $1 {Diagramm [#] Jetzt
läuft alles wie am Schnürchen.} Nh5 27. Nf4 Rxc3 28. bxc3 Qc5 29. Rxh5 $1
gxh5 30. Nxh5 Qe5 31. f4 Qh8 32. Nf6+ exf6 33. gxf6 {Diagramm [#]} 1-0

[Event "Dortmund-A"]
[Site "Dortmund"]
[Date "1991.??.??"]
[Round "2"]
[White "Kindermann, Stefan"]
[Black "Georgiev, Kiril"]
[Result "1/2-1/2"]
[WhiteElo "2515"]
[BlackElo "2585"]
[Annotator "Blatny,P"]
[PlyCount "73"]
[EventDate "1991.03.23"]
[EventType "tourn"]
[EventRounds "9"]
[EventCountry "GER"]
[EventCategory "12"]
[SourceTitle "CBM 023"]
[Source "ChessBase"]
[SourceDate "1991.08.01"]
[SourceVersion "1"]
[SourceVersionDate "1991.08.01"]
[SourceQuality "1"]

1. e4 c5 2. Nf3 d6 3. d4 cxd4 4. Nxd4 Nf6 5. Nc3 g6 6. Be3 Bg7 7. f3 Nc6 8. Bc4
O-O 9. Qd2 Bd7 10. O-O-O Ne5 11. Bb3 Rc8 12. Bg5 (12. h4 {--> Nunn-Khalifman,
Wijk 1991; Gallagher-Tolnai,Kecskemet 1990: xxCBM_VC}) 12... Nc4 (12... b5 13.
Ndxb5 {1/4:1/4 Sion_Castro-Bass, 1990}) 13. Bxc4 Rxc4 14. e5 dxe5 15. Nde2 (15.
Ndb5 a6 16. Bxf6 Bxf6 17. Qxd7 Qb6 18. Nd5 Qxb5 19. Nxe7+ Bxe7 20. Qxe7 Qc6 {
Mikhalchishin-Basin,Minsk 1985}) (15. Nb3 Rc7 16. Nb5 Bf5 17. Nxc7 Qxc7 18. g4
(18. Kb1 Rc8 19. Ka1 b6 20. c3 a5 21. Nc1 a4 22. a3 {Shirov-Petrenko,USSR 1984}
) 18... Be6 19. Rhe1 Rc8 {Byrne-Tarjan, USA 1975}) 15... Rc7 16. Bxf6 exf6 17.
Nb5 Bf5 18. Nxc7 Qxc7 19. Nc3 Rc8 (19... Be6 20. Nd5 Qc4 21. Kb1 f5 22. Qd3 Qc5
23. Qc3 Qf2 24. Rd2 Qh4 25. Qb4 Qg5 26. Nc7 Bc8 27. Rhd1 e4 28. Nd5 Be6 29.
Ne7+ Kh8 30. Rd8 exf3 31. gxf3 Qg2 32. Rxf8+ Bxf8 33. Qc3+ {1:0 Jadoul-Kool,
Brussels 1987}) 20. Kb1 Be6 21. Ne4 Qc4 22. b3 Qc6 23. c4 f5 24. Ng5 Bxc4 25.
Rc1 Qb5 26. Rhd1 e4 27. Rxc4 Rxc4 28. Qd8+ Bf8 29. Nxf7 Kxf7 30. Rd7+ Kg8 31.
Qe8 Rc1+ 32. Kxc1 Qc5+ 33. Kb2 Qf2+ 34. Kc3 Qe3+ 35. Kc2 Qc5+ 36. Kb2 Qf2+ 37.
Kc3 1/2-1/2

[Event "Stara Zagora zt-B"]
[Site "Stara Zagora"]
[Date "1990.??.??"]
[Round "6"]
[White "Sznapik, Aleksander"]
[Black "Schneider, Attila"]
[Result "0-1"]
[WhiteElo "2485"]
[BlackElo "2425"]
[Annotator "Boensch,U"]
[PlyCount "96"]
[EventDate "1990.02.??"]
[EventType "tourn"]
[EventRounds "13"]
[EventCountry "BUL"]
[EventCategory "10"]
[SourceTitle "CBM 017"]
[Source "ChessBase"]
[SourceDate "1990.08.01"]
[SourceVersion "1"]
[SourceVersionDate "1990.08.01"]
[SourceQuality "1"]

1. e4 {Bönsch} c5 2. Nf3 d6 3. d4 cxd4 4. Nxd4 Nf6 5. Nc3 g6 6. Be3 Bg7 7. f3
O-O 8. Qd2 Nc6 9. Bc4 Bd7 10. h4 Ne5 11. Bb3 Rc8 12. O-O-O Nc4 13. Bxc4 Rxc4
14. h5 Nxh5 15. g4 Nf6 16. Bh6 Nxe4 17. Qe3 Rxc3 18. bxc3 Nf6 19. Bxg7 Kxg7 20.
Rh2 Rg8 21. Ne2 Kh8 (21... Bc6 22. Ng3 Kf8 $13 {Nunn,J - Ljubojevic,L
Amsterdam 1988 - CBM 9}) 22. Ng3 Be6 (22... Rg7 23. Qxa7 Bc6 24. g5 Ne8 25. f4
$13 {Jansa - Osnos Zinnowitz 1971}) 23. g5 Nd7 24. Qd4+ Rg7 25. Rdh1 Nf8 (25...
Kg8 $4 26. Qxg7+ $18) 26. Qxa7 Qc7 27. Qd4 Qa5 28. Ne4 Bxa2 29. Kd2 Qf5 30. Ke2
d5 $17 31. Nd2 Qxc2 32. Ke3 Qf5 33. f4 f6 34. Nf3 Bc4 35. Nh4 Qe6+ 36. Kd2 Kg8
37. Re1 Qa6 38. Rc1 Ne6 39. Qe3 fxg5 40. fxg5 Qd6 41. Nf3 Nc5 42. Rb1 Rf7 43.
Rg2 b5 44. Rg4 Ne4+ 45. Kc2 Qa3 46. Rb4 d4 $1 $19 47. Qxd4 Qa2+ 48. Kc1 Rxf3
0-1

[Event "Elenite"]
[Site "Elenite"]
[Date "1992.??.??"]
[Round "1"]
[White "Sax, Gyula"]
[Black "Georgiev, Kiril"]
[Result "0-1"]
[WhiteElo "2565"]
[BlackElo "2610"]
[Annotator "Boensch,U"]
[PlyCount "80"]
[EventDate "1992.??.??"]
[EventType "tourn"]
[EventRounds "11"]
[EventCountry "BUL"]
[EventCategory "12"]
[SourceTitle "CBM 032"]
[Source "ChessBase"]
[SourceDate "1993.02.01"]
[SourceVersion "1"]
[SourceVersionDate "1993.02.01"]
[SourceQuality "1"]

1. e4 c5 2. Nf3 d6 3. d4 cxd4 4. Nxd4 Nf6 5. Nc3 g6 6. Be3 Bg7 7. f3 Nc6 8. Qd2
O-O 9. Bc4 Bd7 10. h4 h5 11. O-O-O Ne5 12. Bb3 Rc8 13. Bh6 (13. Kb1 Nc4 14.
Bxc4 Rxc4 15. Nde2 b5 16. Bd4 e5 17. Be3 b4 18. Nd5 Nxd5 19. Qxd5 Rc6 20. c4 a5
$10 {Anand,V-Tiviakov,S (1) Tilburg3.08 1992 1/2 63 -CBM 32}) 13... Nc4 14.
Bxc4 Rxc4 15. Bxg7 Kxg7 16. g4 hxg4 17. h5 Rh8 18. hxg6 fxg6 19. f4 e5 20. fxe5
dxe5 21. Nde2 Rh3 $1 $146 (21... Qe7 22. Rxh8 Kxh8 23. Rh1+ Kg8 24. Nd5 Nxd5
25. Qxd5+ Qe6 (25... Be6 26. Qxe5 Rxc2+ 27. Kd1 $1 $18) 26. Qxb7 $16 {
(Olafsson,H) - Schneider/Sapi 'Die Drachenvariante 3' S.12 Schachverlag
Reinhold Dreier 1991}) (21... Rc8 22. Qg5 Qe7 23. Ng3 Rxh1 24. Rxh1 Rh8 25. Rd1
Bc8 {1/2 Yudasin,L-Smirin,I Norilsk 1987 -Inf.44/260}) 22. Qg5 (22. Rhf1 Rf3
23. Rh1 (23. Rxf3 gxf3 24. Ng1 Qe7 25. Nxf3 Bg4 $15 {(Georgiev,Ki) -Inf.55/236}
) 23... Rh3 $10 {(Georgiev,Ki) -Inf.55/236}) 22... Qe8 23. Rxh3 gxh3 24. Ng3
Nh7 25. Qe3 Bg4 26. Rf1 Qd8 27. Nd5 Qg5 $1 $19 28. Kb1 Rd4 29. Qc3 Rd1+ 30.
Rxd1 Bxd1 31. Ne3 Bf3 32. Nef1 Qf4 33. a4 Ng5 34. Qc7+ Nf7 35. Qd7 Bg2 36. Qd3
Qf2 37. Ka2 Qf3 38. Nh2 Qxd3 39. cxd3 Kf6 40. Kb3 Kg5 {/\ Kh4; g5-g4-g3} 0-1

[Event "Hoogovens"]
[Site "Wijk aan Zee"]
[Date "1991.01.??"]
[Round "4"]
[White "Nunn, John DM"]
[Black "Khalifman, Alexander"]
[Result "1/2-1/2"]
[WhiteElo "2600"]
[BlackElo "2640"]
[Annotator "Boensch,U"]
[PlyCount "61"]
[EventDate "1991.01.??"]
[EventType "tourn"]
[EventRounds "13"]
[EventCountry "NED"]
[EventCategory "14"]
[SourceTitle "CBM 022"]
[Source "ChessBase"]
[SourceDate "1991.06.01"]
[SourceVersion "1"]
[SourceVersionDate "1991.06.01"]
[SourceQuality "1"]

1. e4 {Boensch} c5 2. Nf3 d6 3. d4 cxd4 4. Nxd4 Nf6 5. Nc3 g6 6. Be3 Bg7 7. f3
O-O 8. Qd2 Nc6 9. Bc4 Bd7 10. h4 Rc8 11. Bb3 Ne5 12. O-O-O Nc4 13. Bxc4 Rxc4
14. h5 Nxh5 15. g4 Nf6 16. Nb3 Re8 17. Bh6 Bh8 18. Bg5 Qc8 (18... Bc6 $1 {
Schneider/Sapi} 19. Qe2 Rxc3 20. bxc3 Qc7 $13 {Schneider/Sapi; Die
Drachenvariante 1, S.48 Schachverlag Reinhold Dreier 1988}) 19. Qh2 (19. Rh4 $1
Rxc3 20. bxc3 Be6 21. Rdh1 Bg7 22. e5 dxe5 23. Bxf6 Bxf6 24. Rxh7 Qc4 25. Kb1
Qf4 26. Qg2 Bg7 27. Qh3 f5 28. Nc5 Bc8 29. gxf5 Bxf5 30. Ne6 $18 {Short,
N-Khalifman,A BL 1991}) 19... Be6 20. Rd3 h5 $1 21. gxh5 (21. Bxf6 Bxf6 22.
gxh5 g5 $13) 21... Nxh5 22. Qg2 Bxc3 $1 23. bxc3 Rxc3 24. Rxc3 Qxc3 25. Rxh5
Bxb3 $10 26. axb3 Qa1+ 27. Kd2 Rc8 28. Rh2 Qd4+ 29. Kc1 (29. Ke1 Qa1+ 30. Ke2
Rxc2+ 31. Bd2 Qb2 $19) 29... Qa1+ 30. Kd2 Qd4+ 31. Kc1 1/2-1/2

[Event "Stara Zagora zt-A"]
[Site "Stara Zagora"]
[Date "1990.??.??"]
[Round "4"]
[White "Georgiev, Kiril"]
[Black "Tolnai, Tibor"]
[Result "0-1"]
[WhiteElo "2605"]
[BlackElo "2490"]
[Annotator "Boensch,U"]
[PlyCount "91"]
[EventDate "1990.02.??"]
[EventType "tourn"]
[EventRounds "13"]
[EventCountry "BUL"]
[EventCategory "9"]
[SourceTitle "CBM 017"]
[Source "ChessBase"]
[SourceDate "1990.08.01"]
[SourceVersion "1"]
[SourceVersionDate "1990.08.01"]
[SourceQuality "1"]

1. e4 {Bönsch} c5 2. Nf3 d6 3. d4 cxd4 4. Nxd4 Nf6 5. Nc3 g6 6. Be3 Bg7 7. f3
Nc6 8. Qd2 O-O 9. Bc4 Bd7 10. h4 Ne5 11. Bb3 Rc8 12. O-O-O Nc4 13. Bxc4 Rxc4
14. h5 Nxh5 15. g4 Nf6 16. Bh6 Nxe4 17. Qe3 Rxc3 18. bxc3 Nf6 19. Bxg7 Kxg7 20.
Rh2 Qc7 {20...Tg8; 20...Th8; 20...Da5} 21. Ne2 Qc4 22. Rd4 $6 (22. Rdh1 Rh8 23.
Qxa7 Bc6 24. g5 Nd5 $13 {Pinkas - Tolnai Woronesch 1987}) 22... Qxa2 23. Qxe7
Re8 24. Qxd6 Ba4 $1 $17 25. Rxa4 $8 Qxa4 26. g5 Qa1+ (26... Nh5 27. Qd4+ Qxd4
28. cxd4 $15) 27. Kd2 Nh5 28. Qd7 Kf8 29. Qd6+ Kg8 30. Qd7 Rf8 31. Rh4 Qa5 32.
Qe7 Ng7 33. Re4 Qd5+ 34. Nd4 Re8 35. Qc7 Rxe4 36. fxe4 Qxe4 37. Qb8+ Ne8 38.
Qxa7 h5 $1 $19 39. gxh6 Kh7 40. Qb6 Kxh6 41. Nb5 Kh7 42. c4 g5 43. Qc5 Kg6 44.
Qb6+ f6 45. Qd8 g4 46. Nc3 0-1

[Event "Kecskemet"]
[Site "Kecskemet"]
[Date "1990.??.??"]
[Round "8"]
[White "Gallagher, Joseph G"]
[Black "Tolnai, Tibor"]
[Result "1/2-1/2"]
[WhiteElo "2470"]
[BlackElo "2490"]
[Annotator "Boensch,U"]
[PlyCount "100"]
[EventDate "1990.06.??"]
[EventType "tourn"]
[EventRounds "13"]
[EventCountry "HUN"]
[EventCategory "8"]
[SourceTitle "CBM 020"]
[Source "ChessBase"]
[SourceDate "1991.02.01"]
[SourceVersion "1"]
[SourceVersionDate "1991.02.01"]
[SourceQuality "1"]

1. e4 {Bönsch} c5 2. Nf3 d6 3. d4 cxd4 4. Nxd4 Nf6 5. Nc3 g6 6. Be3 Bg7 7. f3
Nc6 8. Qd2 O-O 9. Bc4 Bd7 10. h4 Ne5 11. Bb3 Rc8 12. O-O-O Nc4 13. Bxc4 Rxc4
14. h5 Nxh5 15. g4 Nf6 16. Bh6 Nxe4 17. Qe3 Rxc3 18. bxc3 Nf6 19. Bxg7 Kxg7 20.
Rh2 Qc7 (20... Rh8 21. Nb3 Bc6 22. g5 Nh5 23. f4 Re8 24. f5 Qb6 25. Nd4 Qc5 26.
Re1 Bd7 27. Qf3 $14 {Kasparov - Piket, Tilburg 1989 - Inf.48/299}) (20... Rg8
21. Ne2 Kh8 22. Ng3 Be6 23. g5 Nd7 24. Qd4+ Rg7 25. Rdh1 Nf8 26. Qxa7 Qc7 27.
Qd4 Qa5 28. Ne4 Bxa2 29. Kd2 Qf5 $17 {Sznapik - Schneider, Stara Zagora (zt)
1990 - Inf.49/250}) (20... Qa5) 21. Qxe7 {N} (21. Ne2 Qc4 22. Rd4 Qxa2 23. Qxe7
Re8 24. Qxd6 Ba4 25. Rxa4 Qxa4 $17 {Georgiev.Kiril - Tolnai, Stara Zagora (zt)
1990}) 21... Qxc3 22. Qxd6 Qa1+ 23. Kd2 Qxa2 24. Qe5 $1 {/\ Rh7; g5} (24. g5 $2
Qa5+) 24... Qd5 25. Rxh7+ Kxh7 26. Qxf6 Bxg4 $8 (26... Qa5+ $2 27. c3 Qa2+ 28.
Nc2 $18) 27. fxg4 Kg8 $13 28. Kc1 Rd8 29. Rd3 Qh1+ 30. Kb2 Re8 31. Ne6 Qh8 $8
32. Qxh8+ Kxh8 33. Rd8 Rg8 $1 34. Rxg8+ Kxg8 35. Nd8 b6 36. Nc6 Kg7 37. Nxa7
Kf6 38. Nc8 Kg5 39. Nd6 Kxg4 40. Nxf7 Kf4 41. Kc3 g5 42. Kd4 g4 43. Ne5 g3 44.
Nd3+ Kf3 45. c4 Ke2 46. Nf4+ Kd2 47. Kd5 Ke3 48. Ke5 Kf3 49. Nd3 Ke3 50. Nf4
Kf3 1/2-1/2

[Event "Linares 13th"]
[Site "Linares"]
[Date "1995.03.02"]
[Round "2"]
[White "Short, Nigel D"]
[Black "Topalov, Veselin"]
[Result "0-1"]
[WhiteElo "2655"]
[BlackElo "2630"]
[Annotator "Boensch,U"]
[PlyCount "80"]
[EventDate "1995.03.01"]
[EventType "tourn"]
[EventRounds "13"]
[EventCountry "ESP"]
[EventCategory "17"]
[SourceTitle "CBM 046"]
[Source "ChessBase"]
[SourceDate "1995.06.01"]
[SourceVersion "1"]
[SourceVersionDate "1995.06.01"]
[SourceQuality "1"]

1. e4 {Ftacnik} c5 2. Nf3 d6 3. d4 cxd4 4. Nxd4 Nf6 5. Nc3 g6 6. Be3 Bg7 7. f3
Nc6 8. Qd2 O-O 9. Bc4 Bd7 10. O-O-O Ne5 11. Bb3 Rc8 12. g4 $5 {Die
Hauptvariante 12.h4 gehört zu den am weitesten ausanalysierten Varianten. Mit
12.g4 setzt Weiß nicht auf bedingungslosen Angriff, vorrangig möchte er den
Nf6 vertreiben.} (12. h4 {Ftacnik}) 12... b5 $1 {Ein ausgezeichnetes
Bauernopfer! Die Kompensation bezieht Schwarz aus den halboffenenen Linien b
und c, außerdem übernimmt der Nachziehende die Initiative, so daß Weiß alle
eigenen Angriffsträume vergessen kann.} (12... Nc4 13. Bxc4 Rxc4 14. h4 Qa5 15.
Nb3 Qa6 16. h5 Rfc8 17. hxg6 fxg6 18. Kb1 b5 19. Bh6 Bh8 20. e5 dxe5 21. g5 $16
{Rigo,J-Braga,F Rome 1988 1-0 33}) 13. g5 (13. a3 a5 14. h4 b4 15. axb4 axb4
16. Na2 (16. Nb1 Nc4 17. Bxc4 Rxc4 18. b3 Rc7 19. h5 Qc8 20. Rh2 e5 21. Nf5
Bxf5 22. exf5 Qa8 23. g5 Nxh5 24. f6 Rfc8 $132 {Lopez,H-Martin,AD Candas op 
(06) 1992 0-1 45}) 16... Nc4 17. Bxc4 Rxc4 18. b3 Rc5 19. Nxb4 Bxg4 20. fxg4
Qa5 21. Kb2 Nxe4 22. Qd3 Qxb4 23. Qxe4 Qc3+ 24. Kb1 Ra5 {0-1 Lornje-Pavlovic,M/
Lvov-Belgrade (1/[06]) 1993}) (13. Ncxb5 $2 {Ftacnik} Nxf3 14. Nxf3 Bxb5 $17) (
13. h4 $6 {Ftacnik} b4 14. Nb1 a5 15. a4 bxa3 16. Nxa3 Qb6 17. Ba2 Qb7 18. Qg2
Rb8 19. c3 Rfc8 20. h5 Nxf3 $1 21. hxg6 hxg6 22. Nxf3 Nxe4 23. Bd5 Qb4 24. Bxe4
Rxc3+ $40 {Mortensen,E-Karlsson,L/Esbjerg/1984/}) 13... Nh5 (13... b4 $2 14.
Nce2 Nh5 15. Qxb4 $16) 14. Ncxb5 Nc4 (14... Bxb5 $2 15. Nxb5 Nxf3 16. Qe2 Ne5
17. Nxa7 $16) (14... Nxf3 $2 15. Nxf3 Bxb5 16. Bxa7 $16) 15. Bxc4 (15. Qe2 $5
Nxe3 16. Qxe3 e5 17. Nf5 gxf5 (17... Bxb5 18. Nxd6 Qa5 $13) 18. Nxd6 f4 19.
Bxf7+ Rxf7 20. Qb3 Qe7 21. Qxf7+ Qxf7 22. Nxf7 $16) 15... Rxc4 16. Qd3 (16. b3
$5 {/\ c4}) 16... Rb4 $1 {Schwarz möchte c3 oder a3 provozieren. Dies nimmt
den weißen N Felder weg und schaft Angriffsmarken.} 17. Nc3 (17. c3 Ra4 18. Na3
Qc7 $40 {Schwarz droht mit 19...Nf4 20.Bf4 Bd4 seinen schlechten Rand-N gegen
den guten weißen Zentral-N zu tauschen.}) (17. a3 {Ftacnik} Bxb5 18. Nxb5 Bxb2+
19. Kd2 Ra4 20. Qb3 Qa5+ $17) 17... Qb8 18. Nb3 Be6 19. Qa6 $6 (19. Nd5 Bxd5
20. Qxd5 (20. exd5 Rc8 $40 {/\ a4-a4}) 20... Rc8 $44) 19... Bxc3 20. bxc3 (20.
Bxa7 $2 {Ftacnik} Qa8 21. bxc3 Rb7 $19) 20... Rb7 {Die schlechte weiße
K-Stellung garantiert eine dauerhafte Initiative.} 21. Rd4 Rc8 22. Kd2 Qc7 23.
Qd3 (23. Qa5 Qc6 $1 $17 {Es droht Rb5.}) 23... d5 $1 (23... Bc4 $2 {Ftacnik}
24. Rxc4 Qxc4 25. Qxc4 Rxc4 26. Na5 Rcc7 27. Nxb7 Rxb7 $14) 24. Kc1 (24. exd5
$2 Bf5 $19 (24... Bf5 {Ftacnik} 25. Re4 Bxe4 26. fxe4 Nf4 $17)) 24... dxe4 25.
fxe4 Bc4 26. Qd2 (26. Rxc4 {Ftacnik} Qxc4 27. Qxc4 Rxc4 28. Na5 Rxe4 29. Nxb7
Rxe3 $17) 26... e5 27. Rd6 Nf4 28. Bxf4 exf4 29. Rd1 (29. Qxf4 $2 Bxb3 30. cxb3
Qxc3+ 31. Kb1 Rxb3+ $1 32. axb3 Qxb3+ 33. Ka1 Qa3+ 34. Kb1 Rb8+ 35. Kc2 Rb2+
36. Kd1 Qa1+ 37. Qc1 Qa4+ $1 38. Ke1 Qxe4+ 39. Kf1 Qxh1#) 29... f3 30. Qf4 (30.
Rd8+ $2 Rxd8 31. Qxd8+ Qxd8 32. Rxd8+ Kg7 33. Rd2 (33. Rd1 {Ftacnik} f2 34. Nd2
Be2 35. Rh1 Rd7 36. c4 Rxd2 37. Kxd2 f1=Q $19) 33... Be2 $19) 30... Qe7 31. h4
(31. Qxf3 Qxg5+ $15) 31... Be2 32. R1d5 Rbc7 $1 (32... Rxc3 $2 33. Rd8+ Kg7 34.
e5 Qa3+ 35. Kb1 (35. Kd2 Rxc2+ 36. Kxc2 (36. Ke3 Rxb3+ 37. axb3 Qc1+ 38. Ke4
Qxf4+ 39. Kxf4 f2 $19) 36... Qxa2+ 37. Kc1 Rc7+ 38. Nc5 Qa1+ 39. Kd2 Qd1+ 40.
Kc3 (40. Ke3 Qc1+ 41. Rd2 Qxc5+ 42. R8d4 Rc6 $44) 40... Qa1+ $10) 35... Rcxb3+
36. axb3 Rxb3+ 37. cxb3 Qxb3+ $10) 33. Nd4 $2 (33. Qf6 $2 Qxf6 34. gxf6 h6 35.
Rd8+ Kh7 $1 (35... Rxd8 $2 36. Rxd8+ Kh7 37. Kd2 Ba6 38. Ke1 Rxc3 39. Nd4 $10)
36. Rxc8 Rxc8 37. Kd2 Bc4 $19) (33. Kd2 $1 Rxc3 34. Nd4 $13) 33... Bc4 $19 34.
Qxf3 (34. Re5 $2 Qxd6 35. Re8+ Rxe8 36. Qxd6 f2 $19) (34. Ra5 {Ftacnik} f2 $19)
34... Bxd5 35. Rxd5 Rxc3 36. Qf6 Qc7 37. Qf2 Qc4 38. Kb2 Qb4+ 39. Ka1 (39. Nb3
{Ftacnik} Rxc2+) 39... Rh3 40. Qf1 Re3 (40... Re3 {Ftacnik} 41. Ne2 Rb8 $19)
0-1

[Event "Hoogovens"]
[Site "Wijk aan Zee"]
[Date "1977.01.18"]
[Round "4"]
[White "Barczay, Laszlo"]
[Black "Sosonko, Gennadi"]
[Result "0-1"]
[WhiteElo "2470"]
[BlackElo "2530"]
[Annotator "Bulletin"]
[PlyCount "51"]
[EventDate "1977.01.14"]
[EventType "tourn"]
[EventRounds "11"]
[EventCountry "NED"]
[EventCategory "11"]
[SourceTitle "MCL"]
[Source "ChessBase"]
[SourceDate "1999.07.01"]
[SourceVersion "1"]
[SourceVersionDate "1999.07.01"]
[SourceQuality "1"]

1. e4 c5 2. Nf3 d6 3. d4 cxd4 4. Nxd4 Nf6 5. Nc3 g6 6. Be3 Bg7 7. f3 Nc6 8. Qd2
O-O 9. Bc4 Bd7 10. h4 h5 11. O-O-O Ne5 12. Bb3 Rc8 13. Bg5 Rc5 (13... Nh7) 14.
Kb1 b5 15. Rhe1 a5 (15... Nc4) 16. f4 Nc4 17. Bxc4 bxc4 18. e5 Qb6 19. exf6 Rb8
(19... exf6 $1) 20. Ndb5 exf6 21. a4 (21. Qxd6 Bxb5 22. Qxb6 Rxb6 23. Rd5 Rxd5
24. Nxd5 Rd6) 21... Bxb5 22. Nxb5 (22. axb5 fxg5 23. fxg5 Bxc3 24. Qxc3 Rxb5)
22... fxg5 23. fxg5 Bxb2 24. Qxd6 Rxb5 25. axb5 Qxb5 26. Qd7 0-1

[Event "Oberliga Bayern 9495"]
[Site "Bayern"]
[Date "1995.??.??"]
[Round "?.1"]
[White "Bocksberger, Stefan"]
[Black "Mandl, Robert"]
[Result "1/2-1/2"]
[WhiteElo "2320"]
[BlackElo "2430"]
[Annotator "Bulletin"]
[PlyCount "94"]
[EventDate "1994.10.09"]
[EventType "team-tourn"]
[EventRounds "9"]
[EventCountry "GER"]
[SourceTitle "EXT 1999"]
[Source "ChessBase"]
[SourceDate "1998.11.16"]
[SourceVersion "1"]
[SourceVersionDate "1998.11.16"]
[SourceQuality "1"]
[WhiteTeam "Muenchen Siemens"]
[BlackTeam "Regensburg Fortuna"]
[WhiteTeamCountry "GER"]
[BlackTeamCountry "GER"]

1. e4 c5 2. Nf3 d6 3. d4 cxd4 4. Nxd4 Nf6 5. Nc3 g6 6. Be3 Bg7 7. f3 Nc6 8. Bc4
O-O 9. Qd2 Bd7 10. Bb3 Rc8 11. O-O-O Ne5 12. h4 h5 13. Bh6 Bxh6 14. Qxh6 Rxc3
15. bxc3 Qa5 16. Kb1 Rc8 17. g4 Nc4 18. Bxc4 Rxc4 19. gxh5 Qxc3 20. Rd3 Qa5 (
20... Qb4+ 21. Nb3 Nxh5 22. Rd5 Qc3 23. Rxh5 Qxc2+ 24. Ka1 Qc3+ {
Gallagher-Mestel 1/2, Swansea 1987}) 21. Nb3 Qxh5 22. Qe3 b6 23. Rc3 Be6 24.
Rxc4 Bxc4 25. Qc3 Qb5 26. Rg1 a5 27. Ka1 a4 28. Nd2 Be6 29. f4 Kh7 (29... Nxe4
30. Nxe4 Qd5 31. Kb1 Qxe4 $10) 30. Rb1 Qa6 31. Qd3 Qb7 32. Nf3 Bg4 33. Ng5+ Kg8
34. Qb5 Qc7 35. Qxb6 Qxc2 36. Qb2 Qc5 37. Rc1 Qe3 38. e5 dxe5 39. fxe5 Nd5 40.
a3 Kg7 41. Rf1 Bf5 42. Rd1 Nc3 43. e6 f6 44. Qb4 Nd5 45. Rxd5 Qc1+ 46. Ka2 Qc2+
47. Ka1 Qc1+ 1/2-1/2

[Event "Lugano Open-10"]
[Site "Lugano"]
[Date "1985.03.??"]
[Round "6"]
[White "Bellon Lopez, Juan Manuel"]
[Black "Sosonko, Gennadi"]
[Result "1/2-1/2"]
[WhiteElo "2445"]
[BlackElo "2535"]
[Annotator "Bulletin"]
[PlyCount "73"]
[EventDate "1985.03.??"]
[EventType "swiss"]
[EventRounds "9"]
[EventCountry "SUI"]
[SourceTitle "EXT 2000"]
[Source "ChessBase"]
[SourceDate "1999.11.16"]
[SourceVersion "1"]
[SourceVersionDate "1999.11.16"]
[SourceQuality "1"]

1. e4 c5 2. Nf3 d6 3. d4 cxd4 4. Nxd4 Nf6 5. Nc3 g6 6. Be3 Bg7 7. f3 Nc6 8. Qd2
O-O 9. Bc4 Bd7 10. h4 h5 (10... Ne5 11. Bb3 Rc8 12. O-O-O Nc4 13. Bxc4 Rxc4 14.
h5) 11. O-O-O Ne5 12. Bb3 Rc8 13. Bg5 $5 Rc5 14. g4 hxg4 15. f4 $5 Nc4 16. Qd3
b5 17. h5 Nxh5 18. Nd5 $1 Re8 19. f5 Rxd5 $5 (19... Ne5 $2 20. Qe3) 20. exd5
Bxd4 21. fxg6 $1 (21. Qxd4 Bxf5) 21... Bxb2+ 22. Kb1 f5 (22... Ne5 $2 23. gxf7+
) 23. Rxh5 Qa5 $5 (23... Be5 24. Rdh1) (23... Bg7 24. Rdh1) 24. Bd2 $3 Nxd2+ $8
(24... Qa3 25. Bc3 Bxc3 26. Qxc3 Ne5 27. Qe3 $1 {/\ Rh8+!!}) 25. Kxb2 Nc4+ (
25... Ne4 $2 26. Qe3) 26. Kb1 $1 (26. Bxc4 bxc4 27. Qxc4 (27. Qe3 Qb6+) 27...
Rb8+ 28. Ka1 Rc8) (26. Ka1 Rc8 $1 27. Rdh1 Ne5) 26... Na3+ $1 (26... Rc8 27.
Qd4 Ne5 28. Qe3) 27. Kc1 Qb4 $1 28. Rf1 $1 (28. Rdh1 Qf4+ 29. Kb2 Nc4+) (28.
Rxf5 $2 Nc4 $3 (28... Bxf5 29. Qxf5 Rf8 30. Qe6+ Kg7 31. Qxe7+ Kxg6 32. Qxf8)
29. Bxc4 bxc4) (28. Qg3 Qe4 29. Re1 Qd4) (28. Qe3 f4 $1 29. Qxa7 Qc3 $3 30.
Qxa3 Qa1+ 31. Kd2 Qd4+ $10) 28... Qe4 $1 (28... Rf8 $2 29. Qe3 f4 30. Qxe7 $18)
(28... f4 $2 29. g7 $1) 29. Qxe4 fxe4 30. Rf7 $1 b4 $1 (30... Rf8 $4 31. Rh8+
$3 Kxh8 32. g7+ $3) (30... a5 31. c3 $1) 31. Kd2 a5 32. Ke3 $1 (32. c3 $2 a4 $1
33. Bc2 (33. Bd1 Nb1+) 33... e3+ $1) 32... a4 33. Kf4 axb3 34. cxb3 (34. Kg5
bxc2 35. Rfh7 c1=Q+) 34... Nb5 35. Kxe4 (35. Kg5 Nd4 36. Rfh7 Nf3+ 37. Kh6 Ne5)
35... Nc3+ $1 36. Kd4 (36. Kf4 $2 Nxd5+ $1 37. Rxd5 Be6) 36... g3 37. Rhh7 (37.
Ke3 Nxd5+ 38. Rxd5 Be6) 1/2-1/2